000 00817pam a2200265 a 4500
001 2896448
003 ARRUPE
005 20151112120822.0
008 871020r19881985ctua 000 0 eng
010 _a 87031227
020 _a0819214183 (pbk.)
040 _aDLC
_cDLC
_dDLC
050 0 0 _aBV245
_b.A3 1988
082 0 0 _a242/.8/0089916
_219
100 1 _aAdam, David.
_97123
245 1 4 _aThe edge of glory :
_bprayers in the Celtic tradition /
_cDavid Adam.
260 _aWilton, CT :
_bMorehouse-Barlow,
_c1988,
300 _aix, 107 p. :
_bill. ;
_c19 cm.
500 _aReprint. Originally published: London : Triangle, c1985.
650 0 _aPrayers.
_921091
906 _a7
_bcbc
_corignew
_d1
_eocip
_f19
_gy-gencatlg
942 _2lcc
_cMONOGRAPH
999 _c123788
_d123788